| 000 | 01241cam a22003131a 4500 | ||
|---|---|---|---|
| 001 | gs 58000191 | ||
| 003 | DLC | ||
| 005 | 20260227111406.0 | ||
| 008 | 770106s1958 dcuabf b f001 0 eng c | ||
| 010 | _ags 58000191 | ||
| 035 | _a(OCoLC)2663925 | ||
| 040 |
_aU.S. Geol. Survey. Libr. _cOOxM _dDNAL _dOCoLC _dDLC |
||
| 042 | _apremarc | ||
| 050 | 0 | 0 |
_aTC801 _b.U2 no. 1379 |
| 070 | 0 |
_a407 _bG29W no.1379 |
|
| 072 | 0 | _aP200 | |
| 082 | _a551.49 | ||
| 100 | 1 |
_aPowell, William J. _q(William James), _d1921- |
|
| 245 | 1 | 0 |
_aGround-water resources of the San Luis Valley, Colorado / _cby William J. Powell ; With a section on An inflow-outflow study of the area, by Philip B. Mutz. |
| 260 |
_aWashington, D.C. : _bU.S. G.P.O., _c1958. |
||
| 300 |
_avii, 284 p., [3] leaves of plates : _bill., maps ; _c24 cm. |
||
| 440 | 0 |
_aGeological Survey water-supply paper ; _v1379 |
|
| 500 | _aTwelve folded leaves in pocket. | ||
| 500 | _a"Prepared in cooperation with the Colorado Water Conservation Board and the United States Bureau of Reclamation." | ||
| 504 | _aBibliography: p. 280-282. | ||
| 500 | _aIncludes index. | ||
| 650 | 0 |
_aWater-supply _zSan Luis Valley (Colo. and N.M.) |
|
| 650 | 0 |
_aGroundwater _zSan Luis Valley (Colo. and N.M.) |
|
| 999 |
_c29256 _d29256 |
||